Στην άκρη του Αιγαίου - Καστελλόριζο

Περιλαμβάνει την ιστορία του Καστελλόριζου από τα αρχαία χρόνια έως και σήμερα. Παρουσιάζεται μέσα από τις αφηγήσεις και τις συνεντεύξεις των κατοίκων του Καστελλόριζου. Διηγούνται τις ξένες κατακτήσεις που υπέστησαν από διάφορους εχθρούς, το διακαή πόθο να ενωθούν με την Ελλάδα, τις κακουχίες που π...

Πλήρης περιγραφή

Αποθηκεύτηκε σε:
Λεπτομέρειες βιβλιογραφικής εγγραφής
Συγγραφή απο Οργανισμό/Αρχή: Ελληνικό Ίδρυμα Ιστορικών Μελετών
Άλλοι συγγραφείς: Κοβότσος, Άγγελος, 1954- (Διευθυντής, Επιμελητής έκδοσης), Κατσιγιάννης, Ανδρέας (Μουσικός διευθυντής), Νταλάρας, Γιώργος (Τραγουδιστής), Σαρίογλου, Ειρήνη, 1972- (Σεναριογράφος, drtf, resf, edtf)
Μορφή: Διαφάνειες
Γλώσσα:Greek
Δημοσίευση: Αθήνα : Ελληνικό Ίδρυμα Ιστορικών Μελετών, [2007;]
Θέματα:
Ετικέτες: Προσθήκη ετικέτας
Δεν υπάρχουν, Καταχωρήστε ετικέτα πρώτοι!

MARC

LEADER 00000cgm a2200000 a 4500
001 1/114200
008 170531s2007####gr ||| | || ||gre||
028 0 2 |a 1215 CASTELLORIZO DVD9 L-1   |b Ελληνικό Ίδρυμα Ιστορικών Μελετών (ΙΔ.ΙΣ.ΜΕ.)  
040 |a GR-MyUa  |b gre  |c GR-MyUa  |e AACR2 
041 0 |a gre 
082 7 |a 781.62   |2 (23) 
245 0 0 |a Στην άκρη του Αιγαίου - Καστελλόριζο   |h [μαγνητοσκόπηση] /   |c σκηνοθεσία Ειρήνη Σαρίογλου και Άγγελος Κοβότσος.  
246 1 |i Παράλληλος τίτλος:   |a On the Edge of the Aegean - Castellorizo  
260 |a Αθήνα :   |b Ελληνικό Ίδρυμα Ιστορικών Μελετών,   |c [2007;] 
300 |a 1 βιντεοδίσκος (54 λεπτ., 24 δευτ.) :   |b ψηφιακός, στέρεο ;   |c 4 3/4 ίν.  
500 |a Το βιβλιαράκι είναι γραμμένο στην ελληνική γλώσσα και μεταφρασμένο στην αγγλική γλώσσα, περιέχει ποιήματα, τους συντελεστές, τους χορηγούς και τους τίτλους των τραγουδιών.  
500 |a Ελληνικό Ίδρυμα Ιστορικών Μελετών = Hellenic History Foundation. 
500 |a Διανέμεται δωρεάν.  
500 |a Στο ντοκιμαντέρ ακούστηκαν αποσπάσματα από τα βιβλία "Ιστορίες του Καστελλορίζου" της Χριστίνας Ευστρατιάδου, "Στην άκρη του Αιγαίου - Καστελλόριζο 1890-1948" των Νικολάου Γ. Παπαναστασίου, Νικολάου Κ. Βογιατζή.  
508 |a Επιμέλεια κειμένων, Καίτη Αραϊτζοπούλου ; μοντάζ, Ντίνος Βαμβακούσης, Γιάννης Κατσάμπουλας ; κάμερα, Στάθης Γαλάζουλας, Γιώργος Σιώκος ; ηχοληψία, Ελένη Πολίτη ; επιμέλεια γραφικών, Γιάννης Γιαννακόπουλος, Νατάσσα Πάντου; εικαστική επιμέλεια, Παύλος Χαμπίδης ; εργαστήρι ήχου, Άκρον Studio-Massive productions ; ηχοληψία, Ροζάννα Μπάγια, Μερόπη Καρακίτσιου ; μετάφραση, Μελισσάνθη Γιαννούση ; τυπογραφείο, Πάνος Δαβίας ; οργάνωση παραγωγής, Βασιλική Λίγκου, Βασιλική Χριστοδούλου, Μαριτίνα Μακανίκα ; μουσική, Ανδρέας Κατσιγιάννης ; τραγούδι, Γιώργος Νταλάρας. 
511 0 |a Αφήγηση, Νένα Μέντη, Γιώργος Κέντρος.  
520 8 |a Περιλαμβάνει την ιστορία του Καστελλόριζου από τα αρχαία χρόνια έως και σήμερα. Παρουσιάζεται μέσα από τις αφηγήσεις και τις συνεντεύξεις των κατοίκων του Καστελλόριζου. Διηγούνται τις ξένες κατακτήσεις που υπέστησαν από διάφορους εχθρούς, το διακαή πόθο να ενωθούν με την Ελλάδα, τις κακουχίες που πέρασαν και την αγάπη για το νησί τους με ευχή να μη λησμονηθεί το νησί από τους νέους της.  
650 0 |a Folk songs, Greek  |z Greece  |z Megiste (Municipality) 
651 0 |a Megiste (Greece : Municipality)  |x Social life and culture. 
651 0 |a Megiste (Greece : Municipality)  |x Songs and music. 
651 0 |a Megiste (Greece : Municipality)  |x History. 
700 1 |a Κοβότσος, Άγγελος,   |d 1954-  |e drt  |e edt 
700 1 |a Κατσιγιάννης, Ανδρέας,  |e msd 
700 1 |a Νταλάρας, Γιώργος,  |e sng 
700 1 |a Σαρίογλου, Ειρήνη,   |d 1972-  |e drtf  |e resf  |e aus  |e edtf 
710 2 |a Ελληνικό Ίδρυμα Ιστορικών Μελετών. 
852 |a INST  |b RHODES  |c AV  |e 20170531  |h 781.62 ΑΚΡ  |p 005400039276  |q 005400039276  |t DVD  |y 23 
852 |a INST  |b RHODES  |c AV  |e 20190704  |h 781.62 ΑΚΡ   |p 005400040966  |q 005400040966  |t DVD  |y 23 
970 |a 31-05-2017